Financial markets and institutions / (Record no. 111726)

MARC details
000 -LEADER
campo de control de longitud fija 02310cam a2200493L 4500
001 - NÚMERO DE CONTROL
campo de control 87280
005 - FECHA Y HORA DE LA ÚLTIMA TRANSACCIÓN
campo de control 20230411090045.0
008 - DATOS DE LONGITUD FIJA--INFORMACIÓN GENERAL
campo de control de longitud fija 091110s2000 at 000 u eng d
035 ## - NÚMERO DE CONTROL DEL SISTEMA
Número de control de sistema (OCoLC)ocn464575868
040 ## - FUENTE DE CATALOGACIÓN
Centro catalogador/agencia de origen DKDLA
Lengua de catalogación dan
Centro/agencia transcriptor DKDLA
020 ## - NÚMERO INTERNACIONAL ESTÁNDAR DEL LIBRO
Número Internacional Estándar del Libro 0324027443
020 ## - NÚMERO INTERNACIONAL ESTÁNDAR DEL LIBRO
Número Internacional Estándar del Libro 9780324027440
029 0# - OTRO NÚMERO DE CONTROL DE SISTEMA (OCLC)
Identificador de la biblioteca OCLC DKDLA
Número de control de sistema 20189833
029 1# - OTRO NÚMERO DE CONTROL DE SISTEMA (OCLC)
Identificador de la biblioteca OCLC DKDLA
Número de control de sistema 35654777
035 ## - NÚMERO DE CONTROL DEL SISTEMA
Número de control de sistema (OCoLC)464575868
084 ## - OTRO NÚMERO DE CLASIFICACIÓN
Número de clasificación 336.76
Fuente del número z
049 ## - FONDOS LOCALES (OCLC)
Biblioteca depositaria GRAL
245 00 - MENCIÓN DEL TÍTULO
Título Financial markets and institutions /
Mención de responsabilidad, etc. Jeff Madura.
250 ## - MENCION DE EDICION
Mención de edición 5. edition.
260 ## - PUBLICACIÓN, DISTRIBUCIÓN, ETC.
Lugar de publicación, distribución, etc. Australia :
Nombre del editor, distribuidor, etc. South-Western College Pub,
Fecha de publicación, distribución, etc. 2000.
300 ## - DESCRIPCIÓN FÍSICA
Extensión xx, 698, A-10, B-3, G-11, I-8 s. :
Otras características físicas ill.
500 ## - NOTA GENERAL
Nota general Includes index.
505 0# - NOTA DE CONTENIDO CON FORMATO
Nota de contenido con formato PART ONE: OVERVIEW OF THE FINANCIAL ENVIRONMENT. 1. Role of Financial Markets and Institutions -- 2. Determination of Interest Rates -- 3. Structure of Interest Rates -- THE FED AND MONETARY POLICY. 4. Functions of the Fed / PART TWO -- 5. Monetary Theory and Policy -- DEBT SECURITY MARKETS. 6. Money Markets / PART THREE -- 7. Bond Markets -- 8. Bond Valuation and Risk -- 9. Mortgage Markets -- EQUITY MARKETS. 10. Stock Markets / PART FOUR -- 11. Stock Valuation and Risk -- DERIVATIVE SECURITY MARKETS. 12. Financial Futures Markets / PART FIVE -- 13. Options Markets -- 14. Interest Rate Derivative Markets -- 15. Foreign Exchange Derivative Markets.PART SIX COMMERCIAL BANKING. 16. Commercial Bank Operations -- 17. Bank Regulation -- 18. Bank Management -- 19. Bank Performance -- 20. International Banking -- NONBANK OPERATIONS. 21. Thrift Operations / PART SEVEN -- 22. Consumer Finance Operations -- 23. Mutual Fund Operations -- 24. Securities Operations -- 25. Insurance Operations -- 26. Pension Fund Operations -- 27. Credit Unions.
650 #4 - PUNTO DE ACCESO ADICIONAL DE MATERIA--TÉRMINO DE MATERIA
Término de materia o nombre geográfico como elemento de entrada Financial institutions.
650 #4 - PUNTO DE ACCESO ADICIONAL DE MATERIA--TÉRMINO DE MATERIA
Término de materia o nombre geográfico como elemento de entrada Capital market.
650 #4 - PUNTO DE ACCESO ADICIONAL DE MATERIA--TÉRMINO DE MATERIA
Término de materia o nombre geográfico como elemento de entrada Money market.
650 #4 - PUNTO DE ACCESO ADICIONAL DE MATERIA--TÉRMINO DE MATERIA
Término de materia o nombre geográfico como elemento de entrada Kapitalmarked.
650 #4 - PUNTO DE ACCESO ADICIONAL DE MATERIA--TÉRMINO DE MATERIA
Término de materia o nombre geográfico como elemento de entrada Monetary policy.
650 #4 - PUNTO DE ACCESO ADICIONAL DE MATERIA--TÉRMINO DE MATERIA
Término de materia o nombre geográfico como elemento de entrada ¢konomisk politik.
650 #4 - PUNTO DE ACCESO ADICIONAL DE MATERIA--TÉRMINO DE MATERIA
Término de materia o nombre geográfico como elemento de entrada Obligationer.
650 #4 - PUNTO DE ACCESO ADICIONAL DE MATERIA--TÉRMINO DE MATERIA
Término de materia o nombre geográfico como elemento de entrada Bonds.
650 #4 - PUNTO DE ACCESO ADICIONAL DE MATERIA--TÉRMINO DE MATERIA
Término de materia o nombre geográfico como elemento de entrada Aktier.
650 #4 - PUNTO DE ACCESO ADICIONAL DE MATERIA--TÉRMINO DE MATERIA
Término de materia o nombre geográfico como elemento de entrada Stocks.
650 #4 - PUNTO DE ACCESO ADICIONAL DE MATERIA--TÉRMINO DE MATERIA
Término de materia o nombre geográfico como elemento de entrada Bankvµsen.
650 #4 - PUNTO DE ACCESO ADICIONAL DE MATERIA--TÉRMINO DE MATERIA
Término de materia o nombre geográfico como elemento de entrada Banking.
653 ## - TÉRMINO DE INDIZACIÓN--NO CONTROLADO
Término no controlado Derivatives.
653 ## - TÉRMINO DE INDIZACIÓN--NO CONTROLADO
Término no controlado Derivater.
653 ## - TÉRMINO DE INDIZACIÓN--NO CONTROLADO
Término no controlado Vµrdipapirer.
653 ## - TÉRMINO DE INDIZACIÓN--NO CONTROLADO
Término no controlado Securities.
700 1# - ENTRADA AGREGADA--NOMBRE PERSONAL
Nombre de persona Madura, Jeff.
942 ## - ELEMENTOS DE ENTRADA SECUNDARIOS (KOHA)
Fuente del sistema de clasificación o colocación Clasificación de Library of Congress
Tipo de ítem Koha
946 ## - PROCESAMIENTO DE INFORMACIÓN LOCAL (OCLC)
a AFJ
994 ## -
-- C0
-- DRFGD
Holdings
Estatus retirado Estado de pérdida Fuente del sistema de clasificación o colocación Estado de daño No para préstamo Colección Biblioteca de origen Biblioteca actual Ubicación en estantería Fecha de adquisición Código de barras Visto por última vez Copia número Tipo de ítem Koha
    Clasificación de Library of Congress     Automatización y Procesos Técnicos Biblioteca Juan Bosch Biblioteca Juan Bosch Automatización y Procesos Técnicos (1er. Piso) 11/04/2023 00000081484 17/02/2019 1